00823nam a2200241Ia 4500003000900000008004100009020001800050040001600068080001700084245009400101260004400195300000900239490001500248650003700263650004600300650002300346650001600369650004900385700002900434942000700463999001700470952009400487IN-BaIIA211028s9999 xx 000 0 eng d a92-9092-610-4 cIIA Library a52(083)bSUC 0aSuccess storyb30 discoveries from ESA's science missions in spaceccompiled by N Calder aNetherlandbEuropean Space Agencyc1999 a32p. aESA BR-147 aAstronautics in astronomy921627 aAstrophysics -- Research -- Europe925516 aDiscoveries923292 aSpace93725 aSpace astronomy -- Research -- Europe925517 aCalder, N., comp.925518 cBK c14397d14397 00104070aBANbBANcGENd2001-12-26l0o52(083)/ SUCp15317r2021-11-05w2001-12-26yBK